[Event "BCF-chT4 2223 (4NCL)"]
[Site "England"]
[Date "2023.02.05"]
[Round "6.63"]
[White "Cooke, Charlie"]
[Black "Horan, Sean"]
[Result "1/2-1/2"]
[WhiteElo "1756"]
[BlackElo "1526"]
[PlyCount "69"]
[EventDate "2022.11.05"]
[EventType "team-swiss"]
[EventRounds "11"]
[EventCountry "ENG"]
[SourceTitle "EXT 2024"]
[Source "ChessBase"]
[SourceDate "2023.10.10"]
[SourceVersion "1"]
[SourceVersionDate "2023.10.10"]
[SourceQuality "1"]
[WhiteTeam "Kingston II"]
[BlackTeam "Barnet Knights III"]
[WhiteTeamCountry "ENG"]
[BlackTeamCountry "ENG"]

1. d4 Nf6 2. c4 d5 3. e3 e6 4. Nc3 c6 5. Nf3 Be7 6. Bd3 0-0 7. 0-0 dxc4 8. Bxc4 Nbd7 9. a3 Nb6 10. Ba2 c5 11. dxc5 Bxc5 12. b4 Be7 13. Qe2 Nfd5 14. Bb2 Bf6 15. Rac1 Nxc3 16. Bxc3 Bxc3 17. Rxc3 Qf6 18. Rfc1 Bd7 19. Nd4 Rac8 20. h3 Rxc3 21. Rxc3 Bc6 22. Rc1 Bd5 23. Bxd5 Nxd5 24. Qb5 Qg5 25. Nf3 Qe7 26. Kf1 a6 27. Qc5 Qxc5 28. Rxc5 h5 29. e4 Nf6 30. Rc7 Rb8 31. Ne5 Nxe4 32. Nxf7 Rf8 33. f3 Rxf7 34. Rxf7 Kxf7 35. fxe4 1/2-1/2

[Event "BCF-chT3Sa 1819 (4NCL)"]
[Site "England"]
[Date "2019.02.09"]
[Round "5.41"]
[White "Cooke, Charlie"]
[Black "Walker, Nicholas P"]
[Result "0-1"]
[WhiteElo "1770"]
[BlackElo "2113"]
[PlyCount "60"]
[EventDate "2018.11.17"]
[EventType "team-tourn"]
[EventRounds "7"]
[EventCountry "ENG"]
[SourceTitle "EXT 2021"]
[Source "ChessBase"]
[SourceDate "2020.10.23"]
[SourceVersion "1"]
[SourceVersionDate "2020.10.23"]
[SourceQuality "1"]
[WhiteTeam "CSC II"]
[BlackTeam "Cambridge University II"]
[WhiteTeamCountry "ENG"]
[BlackTeamCountry "ENG"]

1. d4 Nf6 2. c4 e6 3. Nc3 d5 4. e3 Bb4 5. Bd2 0-0 6. Nf3 Nbd7 7. a3 Bxc3 8. Bxc3 Ne4 9. Rc1 c6 10. Be2 f5 11. 0-0 Rf6 12. Ne5 Rh6 13. g3 Qf6 14. Nxd7 Bxd7 15. cxd5 exd5 16. Bf3 Re8 17. Kg2 g5 18. Rh1 f4 19. exf4 Bh3+ 20. Kg1 gxf4 21. Rc2 Rf8 22. Bxe4 dxe4 23. f3 fxg3 24. hxg3 Qg5 25. Rhh2 Rxf3 26. Rxh3 Rxh3 27. Rg2 Rhxg3 28. Qb3+ Qd5 29. Qxb7 Rxg2+ 30. Kxg2 Qg5+ 0-1

[Event "BCF-chT4S 1718 (4NCL)"]
[Site "England"]
[Date "2018.01.14"]
[Round "4.22"]
[White "Crombleholme, Alan K"]
[Black "Cooke, Charlie"]
[Result "1-0"]
[WhiteElo "1994"]
[BlackElo "1799"]
[PlyCount "107"]
[EventDate "2017.11.11"]
[EventType "team-swiss"]
[EventRounds "11"]
[EventCountry "ENG"]
[SourceTitle "EXT 2020"]
[Source "ChessBase"]
[SourceDate "2019.10.17"]
[SourceVersion "1"]
[SourceVersionDate "2019.10.17"]
[SourceQuality "1"]
[WhiteTeam "Iceni"]
[BlackTeam "CSC Dragons III"]
[WhiteTeamCountry "ENG"]
[BlackTeamCountry "ENG"]

1. d4 d5 2. Nf3 Nf6 3. c4 e6 4. Nc3 Be7 5. Bg5 0-0 6. e3 b6 7. cxd5 Nxd5 8. Bxe7 Qxe7 9. Rc1 c6 10. Be2 Nd7 11. 0-0 Bb7 12. Nxd5 exd5 13. Qa4 b5 14. Qa5 Rfc8 15. Rc2 Nb6 16. b3 Nd7 17. Rfc1 a6 18. Ne1 f5 19. Nd3 Qd8 20. Qxd8+ Rxd8 21. Nb4 Nb8 22. Bf3 a5 23. Nd3 Kf7 24. Ne5+ Ke7 25. g4 g6 26. g5 Ra7 27. Kg2 Ba8 28. Kg3 Rc7 29. Be2 Ra7 30. h4 Rd6 31. Kf4 a4 32. bxa4 Rxa4 33. h5 Ra6 34. hxg6 hxg6 35. Rh1 Nd7 36. Rh7+ Ke8 37. Rg7 Nf8 38. Rg8 Ke7 39. Bxb5 Ne6+ 40. Kg3 cxb5 41. Rcc8 Rd8 42. Nxg6+ Kf7 43. Rgxd8 Nxd8 44. Ne5+ Ke7 45. Rc7+ Ke8 46. g6 Ne6 47. g7 Nxg7 48. Rxg7 Rxa2 49. Rg8+ Ke7 50. Rb8 Ra5 51. Kf4 Ra6 52. Rxb5 Rf6 53. Ra5 Bc6 54. Nxc6+ 1-0

[Event "BCF-chT4S 1617 (4NCL)"]
[Site "England"]
[Date "2017.04.30"]
[Round "10.24"]
[White "Cooke, Charlie"]
[Black "Eden, Tomer"]
[Result "0-1"]
[WhiteElo "1816"]
[BlackElo "2177"]
[PlyCount "98"]
[EventDate "2016.11.26"]
[EventType "team-swiss"]
[EventRounds "11"]
[EventCountry "ENG"]
[SourceTitle "EXT 2019"]
[Source "ChessBase"]
[SourceDate "2018.10.10"]
[SourceVersion "1"]
[SourceVersionDate "2018.10.10"]
[SourceQuality "1"]
[WhiteTeam "CSC Rhinos"]
[BlackTeam "Barnet Knights"]
[WhiteTeamCountry "ENG"]
[BlackTeamCountry "ENG"]

1. d4 d6 2. c4 e5 3. dxe5 dxe5 4. Qxd8+ Kxd8 5. e4 Be6 6. Be3 c6 7. Bd3 Nd7 8. b3 a5 9. Nc3 Bb4 10. Bd2 Nc5 11. Bc2 a4 12. Rb1 axb3 13. axb3 f6 14. Nge2 Ne7 15. 0-0 Kc8 16. Ra1 Rxa1 17. Rxa1 Kb8 18. Rd1 Rd8 19. Nb1 Bxd2 20. Rxd2 Re8 21. Nbc3 Bf7 22. f3 Kc7 23. Kf2 Ra8 24. Bd1 Ng6 25. Ke3 Nf8 26. Ra2 Na6 27. Nc1 Ne6 28. Nd3 Rd8 29. Rd2 Kb6 30. Na4+ Ka5 31. Nc1 b5 32. Rxd8 Nxd8 33. cxb5 cxb5 34. Nc3 Nc6 35. Nb1 Kb4 36. Nd3+ Ka5 37. Kd2 Nd4 38. Kc3 b4+ 39. Kb2 Kb5 40. Nd2 Nc5 41. Nc1 g5 42. g4 h5 43. h3 h4 44. Bc2 Nxc2 45. Kxc2 Ne6 46. Ne2 Kc5 47. Kd3 Be8 48. Ke3 Bb5 49. Ng1 Nf4 0-1

[Event "BCF-chT4S 1617 (4NCL)"]
[Site "England"]
[Date "2017.03.19"]
[Round "8.35"]
[White "Cooke, Charlie"]
[Black "Matthews, Adrian MS"]
[Result "1/2-1/2"]
[WhiteElo "1816"]
[BlackElo "1858"]
[PlyCount "76"]
[EventDate "2016.11.26"]
[EventType "team-swiss"]
[EventRounds "11"]
[EventCountry "ENG"]
[SourceTitle "EXT 2019"]
[Source "ChessBase"]
[SourceDate "2018.10.10"]
[SourceVersion "1"]
[SourceVersionDate "2018.10.10"]
[SourceQuality "1"]
[WhiteTeam "CSC Rhinos"]
[BlackTeam "MK Phoenix II"]
[WhiteTeamCountry "ENG"]
[BlackTeamCountry "ENG"]

1. d4 Nf6 2. c4 c5 3. d5 b5 4. cxb5 a6 5. e3 g6 6. bxa6 Bxa6 7. Bxa6 Qa5+ 8. Nc3 Qxa6 9. e4 d6 10. f3 Bg7 11. Nge2 Nbd7 12. 0-0 0-0 13. Qc2 Rfb8 14. Be3 Ne5 15. Rab1 Nc4 16. Bc1 Nd7 17. b3 Na3 18. Bxa3 Qxa3 19. Rbd1 c4 20. bxc4 Qc5+ 21. Kh1 Qxc4 22. Qd3 Qxd3 23. Rxd3 Ra3 24. f4 Rb2 25. Rff3 Nc5 26. Rd1 Rc2 27. e5 dxe5 28. Rc1 Rxc1+ 29. Nxc1 e4 30. Nxe4 Rxf3 31. gxf3 Na4 32. Ne2 f5 33. d6 exd6 34. Nxd6 Bf8 35. Nb5 Bh6 36. Kg2 Kf7 37. Kf2 Ke6 38. Ke3 Bg7 1/2-1/2

[Event "BCF-chT3Sd 1516 (4NCL)"]
[Site "England"]
[Date "2016.05.02"]
[Round "11.99"]
[White "Piper, Stephen J"]
[Black "Cooke, Charlie"]
[Result "1-0"]
[WhiteElo "2034"]
[BlackElo "1847"]
[PlyCount "95"]
[EventDate "2016.03.20"]
[EventType "team-swiss"]
[EventRounds "11"]
[EventCountry "ENG"]
[SourceTitle "EXT 2017"]
[Source "ChessBase"]
[SourceDate "2016.10.25"]
[SourceVersion "1"]
[SourceVersionDate "2016.10.25"]
[SourceQuality "1"]
[WhiteTeam "The Rookies"]
[BlackTeam "CSC Rhinos II"]
[WhiteTeamCountry "ENG"]
[BlackTeamCountry "ENG"]

1. c4 e5 2. Nc3 Nf6 3. g3 d6 4. Bg2 Be7 5. d3 0-0 6. Nf3 c5 7. 0-0 Nc6 8. a3 Rb8 9. Rb1 a5 10. e4 Bd7 11. h3 b6 12. Kh2 Nd4 13. b4 Nxf3+ 14. Qxf3 axb4 15. axb4 Be6 16. Qe2 Nd7 17. f4 f6 18. Be3 Re8 19. f5 Bf7 20. b5 Ra8 21. Ra1 Qc7 22. Ra2 Qb7 23. Rfa1 Reb8 24. Bf3 g5 25. fxg6 hxg6 26. Bg4 Nf8 27. Ra6 Be6 28. Bxe6+ Nxe6 29. Nd5 Bd8 30. Qg4 Kf7 31. Qh4 Rxa6 32. bxa6 Qd7 33. Qh7+ Ke8 34. Qxg6+ Qf7 35. Qf5 Ng7 36. Qh7 Ne6 37. Qxf7+ Kxf7 38. h4 Kg6 39. Kh3 Ng7 40. Kg4 Ra8 41. Kf3 Kh7 42. g4 Ne6 43. a7 Kg7 44. g5 fxg5 45. Bxg5 Nxg5+ 46. hxg5 Kg6 47. Kg4 Kg7 48. Kf5 1-0

[Event "BCF-chT3Sd 1516 (4NCL)"]
[Site "England"]
[Date "2016.04.30"]
[Round "9.99"]
[White "Rowan, Daniel"]
[Black "Cooke, Charlie"]
[Result "1/2-1/2"]
[WhiteElo "1877"]
[BlackElo "1847"]
[PlyCount "52"]
[EventDate "2016.03.20"]
[EventType "team-swiss"]
[EventRounds "11"]
[EventCountry "ENG"]
[SourceTitle "EXT 2017"]
[Source "ChessBase"]
[SourceDate "2016.10.25"]
[SourceVersion "1"]
[SourceVersionDate "2016.10.25"]
[SourceQuality "1"]
[WhiteTeam "Oxford II"]
[BlackTeam "CSC Rhinos II"]
[WhiteTeamCountry "ENG"]
[BlackTeamCountry "ENG"]

1. d4 d5 2. c4 e6 3. Nf3 Nf6 4. g3 Be7 5. Bg2 c6 6. 0-0 0-0 7. Qc2 Nbd7 8. Nbd2 Re8 9. e4 Nxe4 10. Nxe4 dxe4 11. Qxe4 Nf6 12. Qc2 Qc7 13. c5 Nd5 14. Ne5 Bf6 15. Bxd5 exd5 16. Bf4 Bxe5 17. Bxe5 Qd7 18. Rfe1 b5 19. Qd2 f6 20. Bd6 Bb7 21. Rxe8+ Rxe8 22. Re1 Kf7 23. Rxe8 Qxe8 24. Qa5 Kg6 25. Qd2 Bc8 26. Qe3 Qe6 1/2-1/2

[Event "BCF-chT3 1213 (4NCL)"]
[Site "England"]
[Date "2013.05.06"]
[Round "11.200"]
[White "Gittens, Nathan L"]
[Black "Cooke, Charlie"]
[Result "1-0"]
[WhiteElo "1859"]
[BlackElo "1789"]
[PlyCount "79"]
[EventDate "2012.11.03"]
[EventType "team-swiss"]
[EventRounds "11"]
[EventCountry "ENG"]
[SourceTitle "EXT 2014"]
[Source "ChessBase"]
[SourceDate "2013.11.20"]
[SourceVersion "1"]
[SourceVersionDate "2013.11.20"]
[SourceQuality "1"]
[WhiteTeam "3CS Oldham II"]
[BlackTeam "Metropolitan"]
[WhiteTeamCountry "ENG"]
[BlackTeamCountry "ENG"]

1. d4 d5 2. c4 e6 3. Nc3 Nf6 4. cxd5 exd5 5. Bg5 Be7 6. e3 c6 7. Bd3 0-0 8. Nge2 Nbd7 9. Qc2 h6 10. Bh4 Nh5 11. Bxe7 Qxe7 12. 0-0-0 Re8 13. h3 Nf8 14. g4 Nf6 15. Ng3 Bd7 16. Kb1 a6 17. Rdg1 c5 18. dxc5 Qxc5 19. g5 hxg5 20. Nf5 N6h7 21. h4 Bxf5 22. Bxf5 g6 23. Bd3 Re5 24. h5 Qd6 25. hxg6 Nxg6 26. Rh6 Kg7 27. Rgh1 Rh8 28. Bxg6 fxg6 29. f3 Rxe3 30. Nxd5 Rxf3 31. Qe4 Rf1+ 32. Rxf1 Kxh6 33. Rf7 Qh2 34. Ne3 Qh4 35. Ng4+ Kh5 36. Rxh7+ Rxh7 37. Nf6+ Kh6 38. Ng4+ Kg7 39. Qe7+ Kg8 40. Nf6+ 1-0

[Event "BCF-chT3 1213 (4NCL)"]
[Site "England"]
[Date "2013.05.04"]
[Round "9.140"]
[White "Pein, Jonathan"]
[Black "Cooke, Charlie"]
[Result "1-0"]
[WhiteElo "1824"]
[BlackElo "1789"]
[PlyCount "61"]
[EventDate "2012.11.03"]
[EventType "team-swiss"]
[EventRounds "11"]
[EventCountry "ENG"]
[SourceTitle "EXT 2014"]
[Source "ChessBase"]
[SourceDate "2013.11.20"]
[SourceVersion "1"]
[SourceVersionDate "2013.11.20"]
[SourceQuality "1"]
[WhiteTeam "Celtic Tigers"]
[BlackTeam "Metropolitan"]
[WhiteTeamCountry "ENG"]
[BlackTeamCountry "ENG"]

1. e4 e5 2. Nf3 Nf6 3. Bc4 Nxe4 4. Nc3 Nxc3 5. dxc3 Be7 6. Nxe5 0-0 7. Qh5 Qe8 8. 0-0 d6 9. Nf3 Nd7 10. Bg5 Nf6 11. Qh4 Bf5 12. Nd4 Bg6 13. Bd3 Bxd3 14. cxd3 Qd7 15. Qf4 Nd5 16. Qe4 Bxg5 17. Qxd5 Bf6 18. Qxb7 Bxd4 19. cxd4 Rfb8 20. Qf3 Re8 21. Rac1 Rab8 22. b3 h6 23. h3 Kf8 24. Rfe1 Qb5 25. Rxe8+ Rxe8 26. Rxc7 Re7 27. Rc8+ Re8 28. Qa8 Rxc8 29. Qxc8+ Ke7 30. Qc7+ Ke6 31. Qc4+ 1-0

[Event "BCF-chT3S 1213 (4NCL)"]
[Site "England"]
[Date "2013.01.13"]
[Round "4.119"]
[White "Cooke, Charlie"]
[Black "Gibson, Christopher A"]
[Result "0-1"]
[WhiteElo "1789"]
[BlackElo "1963"]
[PlyCount "46"]
[EventDate "2012.11.03"]
[EventType "team-swiss"]
[EventRounds "6"]
[EventCountry "ENG"]
[SourceTitle "EXT 2014"]
[Source "ChessBase"]
[SourceDate "2013.11.20"]
[SourceVersion "1"]
[SourceVersionDate "2013.11.20"]
[SourceQuality "1"]
[WhiteTeam "Metropolitan"]
[BlackTeam "The Rookies"]
[WhiteTeamCountry "ENG"]
[BlackTeamCountry "ENG"]

1. d4 Nf6 2. c4 c5 3. d5 b5 4. cxb5 a6 5. e3 axb5 6. Bxb5 Qa5+ 7. Nc3 Bb7 8. Nge2 g6 9. 0-0 Bg7 10. f3 Qb6 11. Bc4 0-0 12. Qb3 Qxb3 13. Bxb3 Na6 14. e4 Nb4 15. Bc4 e6 16. dxe6 fxe6 17. a3 d5 18. exd5 exd5 19. Ba2 Nxa2 20. Nxa2 Ba6 21. Re1 Rae8 22. Kf2 Ng4+ 23. Kg1 Bd4+ 0-1

[Event "BCF-chT3S 1213 (4NCL)"]
[Site "England"]
[Date "2013.01.12"]
[Round "3.169"]
[White "Perrett, David C"]
[Black "Cooke, Charlie"]
[Result "1-0"]
[WhiteElo "1969"]
[BlackElo "1789"]
[PlyCount "65"]
[EventDate "2012.11.03"]
[EventType "team-swiss"]
[EventRounds "6"]
[EventCountry "ENG"]
[SourceTitle "EXT 2014"]
[Source "ChessBase"]
[SourceDate "2013.11.20"]
[SourceVersion "1"]
[SourceVersionDate "2013.11.20"]
[SourceQuality "1"]
[WhiteTeam "The Full Ponty"]
[BlackTeam "Metropolitan"]
[WhiteTeamCountry "ENG"]
[BlackTeamCountry "ENG"]

1. d4 d5 2. Bg5 Bf5 3. e3 Nd7 4. c4 dxc4 5. Bxc4 Nb6 6. Bb3 c6 7. Qf3 Qd7 8. Nc3 Be6 9. Nge2 Bxb3 10. axb3 e6 11. 0-0 Be7 12. Qg3 Nf6 13. Bxf6 Bxf6 14. Ne4 Qd8 15. Nd6+ Ke7 16. Nxb7 Qb8 17. Na5 Rc8 18. Qf3 Qd6 19. Rfc1 Kd7 20. Nc3 Rc7 21. Ne4 Qe7 22. Rxc6 Rxc6 23. Nxf6+ Qxf6 24. Qxc6+ Kd8 25. Nb7+ Ke7 26. Nc5 Qf5 27. Qb7+ Kd8 28. Rc1 e5 29. Rd1 Qc2 30. Rf1 exd4 31. exd4 Qxb2 32. Qxf7 Rc8 33. Ne6# 1-0

[Event "BCF-chT3 1011 (4NCL)"]
[Site "England"]
[Date "2010.11.07"]
[Round "2.50"]
[White "Cooke, Charlie"]
[Black "Donaghay, Richard H"]
[Result "0-1"]
[WhiteElo "1754"]
[BlackElo "1983"]
[PlyCount "60"]
[EventDate "2010.11.06"]
[EventType "team-swiss"]
[EventRounds "9"]
[EventCountry "ENG"]
[SourceTitle "CBM 139 Extra"]
[Source "ChessBase"]
[SourceDate "2011.01.05"]
[SourceVersion "1"]
[SourceVersionDate "2011.01.05"]
[SourceQuality "1"]
[WhiteTeam "Metropolitan"]
[BlackTeam "Iceni"]
[WhiteTeamCountry "ENG"]
[BlackTeamCountry "ENG"]

1. d4 Nf6 2. c4 e5 3. d5 Bb4+ 4. Bd2 Bxd2+ 5. Qxd2 d6 6. Nc3 Bf5 7. Nf3 a5 8. Nh4 Bg4 9. h3 Bd7 10. Nf3 Na6 11. e3 Nc5 12. Be2 b6 13. 0-0 0-0 14. Rfe1 Nfe4 15. Nxe4 Nxe4 16. Qc2 f5 17. Nd2 Ng5 18. Nf3 f4 19. e4 Nxe4 20. Nxe5 Nc5 21. Nxd7 Nxd7 22. Bg4 Ne5 23. Be6+ Kh8 24. Bf5 Qg5 25. Be4 f3 26. g3 Qh5 27. Bd3 Qxh3 28. Bf1 Qh5 29. Re4 Ng4 30. Rxg4 Qxg4 0-1

[Event "BCF-chT3 0809 (4NCL)"]
[Site "Hinckley Island"]
[Date "2009.02.07"]
[Round "5.6"]
[White "Hilton, Stephen H"]
[Black "Cooke, Charlie"]
[Result "1/2-1/2"]
[WhiteElo "1897"]
[BlackElo "1880"]
[PlyCount "47"]
[EventDate "2008.10.18"]
[EventType "team-swiss"]
[EventRounds "11"]
[EventCountry "ENG"]
[SourceTitle "EXT 2010"]
[Source "ChessBase"]
[SourceDate "2010.11.25"]
[SourceVersion "1"]
[SourceVersionDate "2010.11.25"]
[SourceQuality "1"]
[WhiteTeam "Braille Chess Association"]
[BlackTeam "Metropolitan"]
[WhiteTeamCountry "ENG"]
[BlackTeamCountry "ENG"]

1. d4 d5 2. Nf3 Nf6 3. e3 e6 4. Bd3 Be7 5. 0-0 0-0 6. Nbd2 Nbd7 7. b3 c5 8. Bb2 cxd4 9. exd4 b6 10. Ne5 Nxe5 11. dxe5 Nd7 12. Qe2 Nc5 13. Bb5 Bd7 14. Bxd7 Qxd7 15. Rad1 Rfd8 16. Nf3 Qb7 17. Rfe1 Qa6 18. Bd4 Qxe2 19. Rxe2 Rac8 20. Nd2 Nb7 21. c4 Bc5 22. Bxc5 Rxc5 23. Rde1 dxc4 24. Nxc4 1/2-1/2

[Event "BCF-chT3 0809 (4NCL)"]
[Site "Hinckley Island"]
[Date "2008.12.07"]
[Round "4.6"]
[White "Cooke, Charlie"]
[Black "Watkinson, Phil"]
[Result "1-0"]
[WhiteElo "1880"]
[BlackElo "1950"]
[PlyCount "83"]
[EventDate "2008.10.18"]
[EventType "team-swiss"]
[EventRounds "11"]
[EventCountry "ENG"]
[SourceTitle "EXT 2010"]
[Source "ChessBase"]
[SourceDate "2010.11.25"]
[SourceVersion "1"]
[SourceVersionDate "2010.11.25"]
[SourceQuality "1"]
[WhiteTeam "Metropolitan"]
[BlackTeam "Leicester II"]
[WhiteTeamCountry "ENG"]
[BlackTeamCountry "ENG"]

1. d4 d5 2. c4 e6 3. Nc3 Be7 4. Nf3 Nf6 5. Bg5 h6 6. Bh4 0-0 7. e3 b6 8. Bd3 Bb7 9. 0-0 c5 10. dxc5 bxc5 11. cxd5 Nxd5 12. Bxe7 Qxe7 13. Rc1 Nd7 14. a3 Bc6 15. Qc2 Nxc3 16. Qxc3 Bxf3 17. gxf3 f5 18. Kh1 Rac8 19. Rg1 Nf6 20. Rg6 Nh5 21. Rxe6 Qd7 22. Rg1 Kh7 23. Re5 g6 24. Rxc5 Rxc5 25. Qxc5 Rc8 26. Qb5 Qd6 27. Bxf5 Rg8 28. Qd7+ Qxd7 29. Bxd7 Nf6 30. Rd1 Rg7 31. Be6 Rc7 32. b3 Kg7 33. Kg2 Kf8 34. Rd4 Ke7 35. Bc4 Nd7 36. Rh4 h5 37. Rf4 Ne5 38. Re4 Kd6 39. Rd4+ Ke7 40. f4 Nc6 41. Re4+ Kf6 42. Kf3 1-0

[Event "BCF-chT4 0708 (4NCL)"]
[Site "England"]
[Date "2008.02.10"]
[Round "6.6"]
[White "Bourne, Johnathan"]
[Black "Cooke, Charlie"]
[Result "1/2-1/2"]
[WhiteElo "2087"]
[BlackElo "1845"]
[PlyCount "87"]
[EventDate "2007.09.15"]
[EventType "team-swiss"]
[EventRounds "11"]
[EventCountry "ENG"]
[SourceTitle "EXT 2009"]
[Source "ChessBase"]
[SourceDate "2008.11.26"]
[SourceVersion "1"]
[SourceVersionDate "2008.11.26"]
[SourceQuality "1"]
[WhiteTeam "Brown Jack"]
[BlackTeam "Metropolitan"]
[WhiteTeamCountry "ENG"]
[BlackTeamCountry "ENG"]

1. d4 d5 2. Bg5 Bf5 3. e3 Nd7 4. Nf3 h6 5. Bh4 Ngf6 6. c4 c6 7. Nc3 Qb6 8. Qc1 e6 9. a3 Be7 10. c5 Qd8 11. b4 a6 12. Be2 0-0 13. 0-0 Ne4 14. Bxe7 Nxc3 15. Qxc3 Qxe7 16. a4 Rfb8 17. b5 axb5 18. axb5 Bg6 19. Rxa8 Rxa8 20. Ra1 Qd8 21. b6 f6 22. Ra3 Nf8 23. Qa1 Rb8 24. Ra7 Nh7 25. h4 Bh5 26. Kf1 Bxf3 27. Bxf3 f5 28. g3 Nf6 29. Be2 Kh7 30. Qa4 Qc8 31. f3 h5 32. Kf2 Kh6 33. Qa1 Qe8 34. Bd3 Qd8 35. Kg2 Kg6 36. Qd1 Kh6 37. Qb1 Qd7 38. Ba6 Qc8 39. Bxb7 Rxb7 40. Rxb7 Qxb7 41. Qa2 Nd7 42. Qa7 Qc8 43. Qc7 Qa6 44. Qxd7 1/2-1/2

[Event "BCF-chT4 0708 (4NCL)"]
[Site "England"]
[Date "2007.10.28"]
[Round "2.6"]
[White "Griffiths, Hywel"]
[Black "Cooke, Charlie"]
[Result "0-1"]
[WhiteElo "1693"]
[BlackElo "1845"]
[PlyCount "36"]
[EventDate "2007.09.15"]
[EventType "team-swiss"]
[EventRounds "11"]
[EventCountry "ENG"]
[SourceTitle "EXT 2009"]
[Source "ChessBase"]
[SourceDate "2008.11.26"]
[SourceVersion "1"]
[SourceVersionDate "2008.11.26"]
[SourceQuality "1"]
[WhiteTeam "Wales Old Boys"]
[BlackTeam "Metropolitan"]
[WhiteTeamCountry "WLS"]
[BlackTeamCountry "ENG"]

1. b4 d5 2. Bb2 Bf5 3. Nf3 e6 4. b5 h6 5. e3 Nf6 6. c4 dxc4 7. Bxc4 Be7 8. 0-0 Bd3 9. Bxd3 Qxd3 10. a4 Nbd7 11. Ne5 Nxe5 12. Bxe5 Bd6 13. Bxf6 gxf6 14. Qf3 0-0-0 15. Qxf6 Rdf8 16. Qc3 Qf5 17. Na3 Rhg8 18. Nc4 Rxg2+ 0-1